Movies Quiz

Random Movies or Blitz Quiz

Blitz: Name a Movie That Won... Quiz Stats

Quiz Updated Mar 16, 2018

Challenge
Share
Tweet
Embed
Score 0/20 Timer 04:00
2 Plays Today
Clue Movie % Correct
...Best Picture and is one of the all-time Top 10 (adjusted) domestic grossersGone with the Wind...
78.2%
...Best Picture and can be considered a sports movieChariots of Fire...
68.5%
...Best Picture since 1950 and is in black and whiteAll About Eve...
65.8%
...the Golden Globe for Best Musical or Comedy in the 2000sAlmost Famous...
63.9%
...John Williams one of his five OscarsSchindler's List...
61.8%
...the Oscar for Best Visual Effects and won Best PictureForrest Gump...
58.8%
...a cast member an acting Oscar and was directed by Woody AllenHannah and Her Sisters...
53.2%
...the Oscar for Best Animated Feature and wasn't made by Disney/PixarShrek...
50.2%
...Sylvester Stallone a Razzie Award Rocky IV...
48.5%
...Best Picture but didn't gross 100 million domestically in adjusted dollarsNo Country For Old Men...
47.6%
Clue Movie % Correct
...any of the seven critics' polls Sight & Sound has taken of the best film ever madeBicycle Thieves...
46.4%
...Katharine Hepburn one of her four OscarsThe Lion in Winter...
44.3%
...Best Foreign Language Film and was made in ItalyLa Strada...
41.5%
...Best Picture/Director/Actor/Actress/ScreenplaySilence of the Lambs...
36.4%
...Best Picture and begins with a 'B' or a 'P' (articles ignored)Braveheart...
33%
...Best Picture since 1950 but only managed three statuettes or fewerMidnight Cowboy...
26.6%
...the MTV Movie Award for Best Movie in the 2000sTwilight...
26.5%
...at least five Oscars, but not Best PictureCabaret...
23.1%
...worst picture at the Razzies in the 1990sShowgirls...
15.8%
...absolutely no awards, despite 11 nominations The Color Purple...
12.1%

You're not logged in!

Compare scores with friends on all Sporcle quizzes.
Join for Free
OR
Log In

You Might Also Like...

Show Comments

Extras

Top Quizzes Today


Score Distribution

Your Account Isn't Verified!

In order to create a playlist on Sporcle, you need to verify the email address you used during registration. Go to your Sporcle Settings to finish the process.

Report this User

Report this user for behavior that violates our Community Guidelines.

Details: